| 000 | 00505nam a2200133Ia 4500 | ||
|---|---|---|---|
| 008 | 170516s9999 xx 000 0 und d | ||
| 245 | _aDifferentiating between Hemorrhagic Infarct and Parenchymal Intracerebral Hemorrhage, P. M. C. Choi, J. V. Ly, V. Srikanth, H. Ma, W. Chong, M. Holt, and T. G. Phan | ||
| 260 | _bRadiology Research and Practice | ||
| 260 | _c2012 | ||
| 300 | _a: | ||
| 650 | _xRadiologic Technology | ||
| 650 | _xRadtech | ||
| 856 | _uhttps://www.hindawi.com/journals/rrp/contents/4/ | ||
| 999 |
_c332330 _d332330 |
||